000 00927cam a22002531a 4500
001 g 01000976
003 DLC
005 20260227111253.0
008 871105s1900 gw bf b 000 0 ger
010 _ag 01000976
035 _a(OCoLC)19942593
040 _aDLC
_cPU
_dDLC
043 _ae-pl---
_ae-ge---
050 0 0 _aDD407.H7
_bV9
100 1 _aVorberg, Georg,
_d1867-
245 1 4 _aDie sächsischen Grenadiere in der Schlacht bei Hohenfriedeberg am 4. Juni 1745 /
_cvorgelegt von Georg Vorberg.
260 _aDresden :
_bIn Kommission bei W. Baensch,
_c1900.
300 _a89 p., [1] folded leaf of plates :
_bmaps ;
_c21 cm.
500 _a"Sonder-Abzug aus dem Neuen Archiv für Sächische Geschichte und Altertumskunde": t.p. verso.
500 _aVita.
504 _aIncludes bibliographical references.
650 0 _aHohenfriedberg, Battle of, Poland, 1745.
610 1 0 _aSaxony (Kingdom).
_bArmee
_xOrganization.
999 _c23611
_d23611